3. symfonia v formie concerto grosso partytura /

Hlavní autor: Sikorski, Kazimierz, 1895-1986
Jazyk: Nelze použít, není lingvistický obsah
Vydáno: Kraków : Polskie Wydawnictwo Muzyczne, 1957
Vydání: 1. wyd.
Fyzický popis: 1 partitura (92 s.)
Hudebniny Hudebniny
Uloženo v:
LEADER 00781ncm a22002172a 4500
001 001241048
003 CZ BrMZK
005 20120821095456.0
007 qu
008 120821s1957 pl |||||||||||||||||zxx d
040 |a BOA001  |b cze 
072 7 |a 785  |x Instrumentální hudba. Symfonická hudba. Hudba pro více nástrojů  |2 Konspekt  |9 9 
100 1 |a Sikorski, Kazimierz,  |d 1895-1986  |7 jn20030204022  |4 cmp 
245 1 0 |a 3. symfonia v formie concerto grosso  |h [hudebnina] :  |b partytura /  |c Kazimierz Sikorski 
250 |a 1. wyd. 
260 |a Kraków :  |b Polskie Wydawnictwo Muzyczne,  |c 1957 
300 |a 1 partitura (92 s.) 
910 |a BOA001  |b Mus4-0565.868 
990 |a MU 
991 |b 201208 
996 6 |b 2619103192  |c Mus4-0565.868  |l MZK  |r Sklad / do 1 hodiny  |n 0  |w 001275036  |u 000010  |a 1  |e BOA001  |j MZK50  |s P